000 00726nam a2200229 u 4500
005 20250221063757.0
008 080924s2006 r 000 0 eng d
020 _a9875381764 (10 dígitos)
020 _a9789875381766 (13 dígitos)
035 _aUPN01000160496
049 _aCG
050 4 _aHV1631
_bC3.4
100 1 _aCangelosi, Daniel
245 1 3 _aLa integración escolar del niño discapacitado visual /
_cDaniel Cangelosi.
260 _aBuenos Aires :
_bNovedades Educativas,
_c2006.
300 _a159 p. :
_bcuadros
440 0 _a[Dis]capacidad
650 4 _aNIÑOS CON DISCAPACIDAD VISUAL -
_xEDUCACION
_9259
650 4 _aIntegración escolar
_9306
650 4 _aEducación especial
_93029
905 _aLibro
999 _c132609
_d132609